On This Day: December 29th Quiz Stats

 Plays Quiz Updated Dec 29, 2017

Challenge
Share
Tweet
Embed
Score 0/7 Timer 03:00
0 Plays Today
Question Answer Wrong Answers
This state becomes the 28th to join the United States, eventually sparking the Mexican-American War.
1845
Texas
79.2%
New Mexico
11.9%
California
4.6%
Arizona
3.3%
The Treaty of New Echota is signed without approval from Principal Chief John Ross, ceding all Cherokee land east of the ______ to the United States.
1835
Mississippi River
74.9%
Rocky Mountains
9.2%
Appalachian Mountains
11.7%
Hudson River
4.2%
The United Kingdom pays off the Anglo-American Loan, which it received from the US and Canada after _____.
2006
WWII
73.8%
WWI
12.8%
the Gulf War
8.3%
the Korea War
2.3%
Sir Muhammad Iqbal delivers his famous Allahabad Address, outlining a vision for the creation of ______.
1930
Pakistan
50.8%
Iraq
16.3%
Israel
21.1%
Afghanistan
10.2%
This English actor, who first gained international attention for his role in ‘The Talented Mr. Ripley,’ is born.
1972
Jude Law
50.7%
Clive Owen
5.6%
Ewan McGregor
13%
Matt Damon
28.4%
Ireland adopts a new constitution, and the Irish ______ comes to an end.
1937
Free State
44.4%
Union
14.7%
Federation
25%
Kingdom
13.9%
This Central American nation signs a peace accord with the URNG, ending a 36-year civil war.
1996
Guatemala
22.8%
Panama
12%
Costa Rica
5.4%
Nicaragua
57.2%

Today's Daily Dose

Word Ladder
Homophones Ate

Quick Pick
RGB Colors

On This Day
August 18th II

You're not logged in!

Compare scores with friends on all Sporcle quizzes.
Join for Free
OR
Log In

You Might Also Like...

Show Comments

Extras

Top Quizzes Today


Score Distribution

Your Account Isn't Verified!

In order to create a playlist on Sporcle, you need to verify the email address you used during registration. Go to your Sporcle Settings to finish the process.

Report this User

Report this user for behavior that violates our Community Guidelines.

Details: